000
nam a22 4500
999
_c
232965
_d
232965
003
Nust
005
20170227114219.0
008
170227b xxu||||| |||| 00| 0 eng d
040
_c
DLC
082
_a
891.4391 MAS
245
_a
قطہ کلامی
_c
انور مسعود
260
_a
Islamabad :
300
_a
146p. :
_c
25cm
942
_2
ddc
_c
BK